Urban studies: a select bibliography (Record no. 969)

MARC details
000 -LEADER
fixed length control field 00445nam a2200157Ia 4500
020 ## - INTERNATIONAL STANDARD BOOK NUMBER
ISBN 81-7099-059-9
082 ## - DEWEY DECIMAL CLASSIFICATION NUMBER
Classification number RR 016.307760954 SIN
100 ## - MAIN ENTRY--AUTHOR NAME
Personal name Singh, Prabhash P.
245 #0 - TITLE STATEMENT
Title Urban studies: a select bibliography
260 ## - PUBLICATION, DISTRIBUTION, ETC. (IMPRINT)
Place of publication New Delhi
Name of publisher Mittal Publications
Year of publication 1988
300 ## - PHYSICAL DESCRIPTION
Number of Pages viii, 272p.
504 ## - BIBLIOGRAPHY, ETC. NOTE
Bibliography, etc Includes index /Ref.book
650 ## - SUBJECT ADDED ENTRY--TOPICAL TERM
Topical Term Urbanization - Bibliography
650 ## - SUBJECT ADDED ENTRY--TOPICAL TERM
Topical Term Cities and towns - Study and teaching
942 ## - ADDED ENTRY ELEMENTS (KOHA)
Koha item type Books
Holdings
Withdrawn status Lost status Damaged status Not for loan Home library Current library Date acquired Bill Date Full call number Accession Number Price effective from Koha item type
        NASSDOC Library NASSDOC Library 08/06/2004 2004-10-22 RR 016.307760954 SIN 28012 18/04/2019 Books